000 00599nam a2200205Ia 4500
005 20250326144315.0
008 250326s9999 xx 000 0 und d
020 _a978-0-872-63851-8
037 _aTextbook
040 _aFMSL
_beng
_cFMSL
041 _aeng
_2eng
084 _aX:8 P7
_qFMSL
100 _aTermini M J
_9749438
245 0 _aWalking the talk : pathways to leadership
_cTermini M J
260 _aMichigan
_bMichigan, Society of Manufacturing engineers
_c2007
300 _axxv,422
365 _b2981.8600000000001
942 _cTB
_hX:8 P7
999 _c1303235
_d1303235